Bản sắc văn hóa Việt Nam
Salvato in:
| Autore principale: | |
|---|---|
| Natura: | Libro |
| Lingua: | Vietnamese |
| Pubblicazione: |
Hà Nội
Văn hóa thông tin
1998
|
| Soggetti: | |
| Tags: |
Aggiungi Tag
Nessun Tag, puoi essere il primo ad aggiungerne! !
|
| Thư viện lưu trữ: | Trung tâm Học liệu Lê Vũ Hùng, Trường Đại học Đồng Tháp |
|---|
| LEADER | 00707pam a22002418a 4500 | ||
|---|---|---|---|
| 001 | 00045511 | ||
| 005 | 20200527160535.0 | ||
| 008 | 110321s2002 ||||||viesd | ||
| 020 | # | # | |c 44000 |
| 041 | 0 | # | |a vie |
| 082 | 1 | 4 | |a 305.895 922 |b B105S |
| 100 | 0 | # | |a Phan, Ngọc |
| 245 | 0 | 0 | |a Bản sắc văn hóa Việt Nam |c Phan Ngọc |
| 260 | # | # | |a Hà Nội |b Văn hóa thông tin |c 1998 |
| 300 | # | # | |a 580 tr. |c 21 cm |
| 541 | # | # | |a photo |
| 653 | # | # | |a Bản sắc dân tộc |
| 653 | # | # | |a Nghiên cứu |
| 653 | # | # | |a Việt Nam |
| 653 | # | # | |a Văn hóa |
| 852 | # | # | |j KD.0027183 |
| 910 | # | # | |d 27/5/2020 |
| 980 | # | # | |a Trung tâm Học liệu Lê Vũ Hùng, Trường Đại học Đồng Tháp |